000 00557ntaaa2200193 4500
003 01
005 20251027201504.0
008 0714s1973 ag 01
040 _aAR-BaBN
_bspa
_cAR-BaBN
_eaacr
_dRIC
082 _a227.0200 C56
100 _aClasper, Paul D.
_913475
245 _aNew Life in Christ
250 _a1 ed.
260 _aLondon :
_bLutterworth Press,
_c1961
300 _a79 p.
500 _aUn estudio de la teología de Pablo para el día de hoy. De la serie "World Christian Books" - no. 39.
650 _aPablo-Teología
_94030
942 _cBK
999 _c9479
_d9479